[Event "Match"]
[Site "www.echecsemail.com"]
[Date "2017.09.03"]
[Round "1"]
[White "Bojan"]
[Black "Ssharp"]
[WhiteElo "1950"]
[BlackElo "2220"]
[Result "1/2-1/2"]
[Round "1"]
1.e4 e5
2.Ng1f3 Nb8c6
3.Bf1b5 Bf8c5
4.Bb5xc6 dxc6
5.h3 Ng8f6
6.d3 Qd8e7
7.Nb1c3 h6
8.Nc3a4 Bc5d6
9.Bc1e3 Bd6b4
10.c3 Bb4d6
11.b4 b6
12.a3 Bc8d7
13.c4 Qe7e6
14.Na4c3 O-O
15.Nf3h4 Qe6e8
16.Qd1f3 Nf6h7
17.Nh4f5 Bd7xf5
18.exf5 f6
19.h4 Rf8f7
20.Nc3e4 Ra8d8
21.Ra1d1 Bd6f8
22.Qf3g4 Kh8
23.Qg4e2 Rf7d7
24.g4 a5
25.bxa5 bxa5
26.Ne4c5 Bf8xc5
27.Be3xc5 e4
28.d4 Rd8b8
29.Rh1h3 g5
30.h5 Qe8f7
31.Rh3e3 Rd7d8
32.Re3xe4 Rd8e8
33.f3 Re8xe4
34.fxe4 Nh7f8
35.Qe2c2 Nf8d7
36.Qc2a4 Rb8b2
37.Rd1d2 Rb2xd2
38.Kxd2 Nd7xc5
39.dxc5 Qf7e8
40.Ke3 Qe8a8
41.Qa4d1 Qa8e8
42.Qd1d2 a4
43.Qd2d1 Qe8e5
44.Qd1d8 Kg7
45.Qd8d7 Kg8
46.Qd7d8 Kg7
47.Qd8d7 { draw }
1/2-1/2

[Event "Match"]
[Site "www.echecsemail.com"]
[Date "2017.09.03"]
[Round "1"]
[White "Cjood"]
[Black "Guidom"]
[WhiteElo "2000"]
[BlackElo "2130"]
[Result "0-1"]
[Round "1"]
1.e3 e5
2.Bf1c4 d5
3.Bc4b3 c5
4.Qd1h5 Nb8c6
5.Bb3a4 Bf8d6
6.Ba4xc6 bxc6
7.Ng1f3 Ng8f6
8.Qh5g5 e4
9.Nf3e5 Bd6xe5
10.Qg5xe5 Bc8e6
11.h3 O-O
12.f4 exf3
13.gxf3 Nf6d7
14.Qe5g3 g6
15.h4 h5
16.Qg3d6 Ra8c8
17.b3 Qd8f6
18.Nb1c3 Qf6xf3
19.Rh1g1 Be6g4
20.Bc1b2 d4
21.Rg1f1 Qf3g2
22.Rf1f2 Qg2h1
23.Rf2f1 Qh1xh4
24.Rf1f2 Rc8e8
25.Nc3d1 Re8e6
26.Qd6xd7 Re6xe3
27.dxe3 Bg4xd7
28.Ke2 Bd7g4
29.Kd3 Bg4xd1
30.Rf2f4 Qh4g3
31.Bb2xd4 cxd4
32.Rf4xd4 Bd1g4
33.a4 c5
{ resign }
0-1

[Event "Match"]
[Site "www.echecsemail.com"]
[Date "2017.09.03"]
[Round "1"]
[White "Chessington"]
[Black "Witpar"]
[WhiteElo "2039"]
[BlackElo "2640"]
[Result "1/2-1/2"]
[Round "1"]
1.d4 Ng8f6
2.Ng1f3 g6
3.Nb1d2 d5
4.e3 Bf8g7
5.b4 O-O
6.Bc1b2 b6
7.c4 c5
8.dxc5 bxc5
9.bxc5 Nb8a6
10.c6 Qd8b6
11.Bb2d4 Qb6xc6
12.Ra1c1 Bc8b7
13.cxd5 Qc6xd5
14.Bf1c4 Qd5d6
15.Qd1b3 Bb7d5
16.Bd4xf6 Bd5xc4
17.Bf6xe7 Qd6xe7
18.Qb3xc4 Qe7a3
19.O-O Na6b4
20.Qc4b3 Qa3xb3
21.axb3 Nb4d3
22.Rc1c6 f5
23.Rf1d1 Rf8d8
24.Kf1 Nd3b4
25.Rc6c4 a5
26.g3 Nb4d5
27.h4 Nd5c3
28.Rd1a1 Bg7f6
29.Rc4c6 Nc3d5
30.Ra1c1 a4
31.bxa4 Ra8xa4
32.Nd2b3 Ra4a2
33.Nb3c5 Bf6e7
34.Nc5e6 Rd8b8
35.Kg1 Ra2b2
36.h5 Rb2b1
37.h6 Rb1xc1
38.Rc6xc1 Rb8e8
39.Kg2 Be7f6
40.Rc1c6 Bf6e7
41.Nf3g5 Re8a8
42.Rc6c1 Ra8e8
43.Rc1a1 Be7f6
44.Ra1a7 Nd5c3
45.Ra7d7 Nc3e4
46.f4 Ne4xg5
47.Ne6xg5 Re8xe3
48.Ng5xh7 Bf6e7
49.Nh7g5 Be7xg5
50.fxg5 Kh8
51.Rd7d8 Kh7
52.Rd8d4 Re3a3
53.Rd4d7 { draw }
1/2-1/2

[Event "Match"]
[Site "www.echecsemail.com"]
[Date "2017.09.03"]
[Round "1"]
[White "Azocarwagner"]
[Black "Cal"]
[WhiteElo "1870"]
[BlackElo "1640"]
[Result "1-0"]
[Round "1"]
1.Ng1f3 Nb8c6
2.Nb1c3 e5
3.e4 a6
4.Bf1c4 h6
5.O-O Ng8f6
6.Nc3d5 b5
7.Nd5xf6 Qd8xf6
8.Bc4d5 Bc8b7
9.Rf1e1 Nc6a5
10.Qd1e2 Bf8c5
11.a3 Bb7xd5
12.exd5 d6
13.d4 O-O
14.b4 Bc5xb4
15.axb4 Na5c4
16.dxe5 dxe5
17.Nf3xe5 Nc4xe5
18.Qe2xe5 Qf6g6
19.Re1e3 Ra8c8
20.Re3g3 Rc8e8
21.Rg3xg6 Re8xe5
22.Bc1f4 Re5xd5
23.Rg6xa6 c5
24.bxc5 Rd5xc5
25.Ra1c1 Rc5c4
26.Bf4d6 Rf8c8
27.Ra6a2 b4
28.Ra2b2 Rc8d8
29.Bd6xb4 Rc4d4
30.g3 f5
31.Bb4c3 Rd4e4
32.Rb2b7 g5
33.Rb7g7 Kf8
34.Rc1b1 Re4e2
35.Rb1b7 Rd8d1
36.Kg2 Rd1c1
37.Rg7h7 Re2xf2
38.Kxf2 Rc1xc2
39.Ke1 Rc2xc3
40.Rb7b8 { resign }
1-0

[Event "Match"]
[Site "www.echecsemail.com"]
[Date "2017.09.03"]
[Round "1"]
[White "Ssharp"]
[Black "Mitja"]
[WhiteElo "2190"]
[BlackElo "2090"]
[Result "1-0"]
[Round "1"]
1.e4 d5
2.exd5 Qd8xd5
3.Nb1c3 Qd5e5
4.Bf1e2 e6
5.d4 Qe5f6
6.Ng1f3 h6
7.Bc1e3 Qf6d8
8.Qd1d2 Ng8f6
9.h3 c6
10.O-O b6
11.a3 Bc8b7
12.Ra1d1 Bf8e7
13.Qd2c1 O-O
14.Be2d3 Nf6d5
15.Nc3xd5 Qd8xd5
16.Be3xh6 gxh6
17.Qc1xh6 f5
18.c4 Qd5d8
19.Qh6xe6 Kg7
20.Bd3xf5 Bb7c8
21.Qe6g6 { resign }
1-0

[Event "Tourn. n9477"]
[Site "www.chess-mail.com"]
[Date "2017.09.04"]
[Round "1"]
[White "Claymil"]
[Black "Biggles"]
[WhiteElo "2080"]
[BlackElo "2090"]
[Result "1/2-1/2"]
[Round "1"]
1.c4 e5
2.Nb1c3 Nb8c6
3.g3 d6
4.Bf1g2 Ng8f6
5.h3 g6
6.e3 Bf8g7
7.Ng1e2 Bc8f5
8.d4 O-O
9.e4 Bf5d7
10.d5 Nc6e7
11.b4 Ne7c8
12.O-O Nc8b6
13.Qd1d3 c6
14.a4 cxd5
15.cxd5 Qd8c8
16.Kh2 a6
17.Bc1e3 Nb6c4
18.Be3g5 b5
19.Rf1c1 Qc8b7
20.axb5 Bd7xb5
21.Nc3xb5 axb5
22.Ne2c3 Ra8xa1
23.Rc1xa1 Rf8b8
24.Bg2f1 h6
25.Bg5c1 Nf6h5
26.Bf1e2 Qb7b6
27.Kg2 Nh5f6
28.Ra1b1 Qb6d4
29.f3 Nf6d7
30.Nc3xb5 Qd4xd3
31.Be2xd3 Nc4b6
32.Nb5xd6 Bg7f8
33.Nd6c4 Nb6xc4
34.Bd3xc4 Bf8xb4
35.Bc1e3 Kg7
36.f4 Bb4d6
37.Rb1xb8 Bd6xb8
38.fxe5 Bb8xe5
39.Bc4b5 Nd7f6
40.Kf3 Nf6g8
41.Be3c5 Kf6
42.d6 Ke6
43.d7 Be5c7
44.g4 Bc7d8
45.Kf4 f6
46.Bb5c4 Kxd7
47.Bc4xg8 Bd8c7
48.Kf3 Ke8
49.Bg8h7 Kf7
50.Bh7xg6 Kxg6
51.h4 h5
52.Bc5e3 Bc7d8
53.Be3f4 Bd8e7
54.Kg3 Be7d8
55.e5 fxe5
56.Bf4xe5 hxg4
57.Kxg4 Bd8xh4
58.Kxh4 Kf7
{ draw }
1/2-1/2

[Event "Tourn. n9477"]
[Site "www.chess-mail.com"]
[Date "2017.09.04"]
[Round "1"]
[White "Falcoale"]
[Black "Claymil"]
[WhiteElo "1990"]
[BlackElo "2080"]
[Result "0-1"]
[Round "1"]
1.e4 c5
2.Ng1f3 Nb8c6
3.b3 g6
4.Bc1b2 Ng8f6
5.e5 Nf6h5
6.Bf1e2 e6
7.d4 cxd4
8.O-O Bf8g7
9.Nf3xd4 Nh5f4
10.Nd4f3 Nf4xe2
11.Qd1xe2 O-O
12.Rf1d1 Qd8c7
13.Nb1d2 a6
14.Nd2c4 b5
15.Nc4d6 b4
16.Nd6xc8 Rf8xc8
17.Rd1d3 a5
18.h3 Nc6e7
19.Ra1c1 Ne7d5
20.g3 Bg7h6
21.Rc1d1 Qc7xc2
22.Qe2xc2 Rc8xc2
23.Rd1b1 Ra8c8
24.Nf3d4 Rc2c5
25.Nd4f3 Rc5c2
26.a3 Bh6f8
27.a4 d6
28.exd6 Bf8xd6
29.Nf3g5 Bd6e7
30.Ng5e4 f6
31.Rd3f3 f5
{ resign }
0-1

[Event "Tourn. n9409"]
[Site "www.chess-mail.com"]
[Date "2017.09.04"]
[Round "1"]
[White "Coolant"]
[Black "Astroboy"]
[WhiteElo "2280"]
[BlackElo "2089"]
[Result "0-1"]
[Round "1"]
1.Nb1c3 d5
2.d4 c5
3.e4 dxe4
4.Bf1b5 Bc8d7
5.Bb5xd7 Nb8xd7
6.Nc3xe4 Ng8f6
7.Ne4xf6 Nd7xf6
8.Ng1f3 e6
9.O-O Qd8c7
10.Qd1e2 cxd4
11.Nf3xd4 Bf8c5
12.Bc1e3 O-O
13.c4 a6
14.Rf1d1 Ra8d8
15.a3 Qc7e5
16.Nd4f3 Qe5e4
17.Kf1 Bc5xe3
18.Qe2xe3 Qe4xc4
19.Ke1 Rd8xd1
20.Ra1xd1 Rf8c8
21.Nf3e5 Qc4c2
22.Rd1d2 Qc2b1
23.Ke2 Nf6e4
24.Rd2d3 Qb1xb2
25.Kf3 Qb2xe5
26.Qe3xe4 Qe5xe4
27.Kxe4 Kf8
28.Rd3d7 Rc8c2
29.Rd7xb7 Rc2xf2
30.Rb7a7 Rf2xg2
31.Ra7xa6 Rg2xh2
32.Ke5 g5
33.Kf6 Ke8
34.Kxg5 h6
35.Kf6 Rh2f2
36.Ke5 h5
37.Ra6a8 Ke7
38.Ra8a7 Kf8
39.Ra7a4 Kg7
40.Ra4h4 Kg6
41.a4 Rf2d2
42.Rh4h1 Rd2d5
43.Ke4 f5
44.Ke3 Rd5a5
45.Rh1a1 e5
46.Kd3 h4
47.Kc4 f4
48.Kb4 Ra5a8
49.a5 Kf5
50.Kc5 h3
51.Kb6 e4
52.a6 Ra8h8
53.a7 e3
54.a8Q Rh8xa8
55.Ra1xa8 f3
{ resign }
0-1

[Event "Tourn. n9451"]
[Site "www.chess-mail.com"]
[Date "2017.09.04"]
[Round "1"]
[White "Ditto"]
[Black "Fantomas"]
[WhiteElo "1860"]
[BlackElo "1820"]
[Result "0-1"]
[Round "1"]
1.e4 c5
2.Bf1c4 d6
3.d3 Nb8c6
4.Bc1g5 Qd8b6
5.Bc4b3 Bc8d7
6.Qd1f3 e6
7.Nb1c3 Ng8e7
8.Ng1e2 Ne7g6
9.O-O h6
10.Bg5d2 Bf8e7
11.Ne2g3 Nc6d4
12.Qf3d1 Nd4xb3
13.axb3 O-O
14.Qd1f3 Qb6c6
15.Nc3e2 Ng6h4
16.Qf3g4 f5
17.Qg4f4 Be7g5
18.Qf4xg5 hxg5
19.Bd2xg5 Nh4g6
20.Ne2c3 f4
21.Ng3e2 b5
22.d4 cxd4
23.Nc3a2 Qc6xe4
24.Na2b4 f3
25.Ne2g3 Qe4g4
26.Bg5d2 fxg2
27.Rf1e1 Ng6h4
28.Nb4d3 Qg4h3
29.f4 Nh4f3
30.Kf2 Nf3xe1
31.Ra1xe1 e5
32.Kg1 Ra8e8
33.fxe5 Bd7c6
34.e6 Rf8f1
35.Ng3xf1 gxf1Q
36.Re1xf1 Qh3g2
{ resign }
0-1

[Event "Tourn. n9510"]
[Site "www.chess-mail.com"]
[Date "2017.09.04"]
[Round "1"]
[White "Fantomas"]
[Black "Falcoale"]
[WhiteElo "2130"]
[BlackElo "2010"]
[Result "1-0"]
[Round "1"]
1.d4 Ng8f6
2.c4 e6
3.Nb1c3 b6
4.Ng1f3 Bc8b7
5.e3 Bf8b4
6.Bc1d2 Nf6e4
7.Nc3xe4 Bb4xd2
8.Ne4xd2 O-O
9.Bf1e2 Nb8c6
10.O-O Nc6e7
11.Qd1c2 Ra8c8
12.Nd2b3 d5
13.c5 c6
14.Be2d3 f5
15.Nf3e5 Ne7g6
16.f4 Ng6xe5
17.fxe5 Rc8c7
18.Rf1f3 Bb7c8
19.Ra1f1 Bc8d7
20.g4 Qd8g5
21.Qc2g2 Rc7c8
22.gxf5 Qg5xg2
23.Kxg2 exf5
24.Bd3xf5 Bd7xf5
25.Rf3xf5 Rf8xf5
26.Rf1xf5 Rc8f8
27.Rf5xf8 Kxf8
28.a4 Ke7
29.a5 b5
30.a6 g5
31.Nb3a5 Kd7
32.e6 { resign }
1-0

[Event "Tourn. n9471"]
[Site "www.chess-mail.com"]
[Date "2017.09.04"]
[Round "1"]
[White "Coolant"]
[Black "Seger"]
[WhiteElo "2310"]
[BlackElo "2700"]
[Result "0-1"]
[Round "1"]
1.Nb1c3 d5
2.d4 Ng8f6
3.Bc1g5 Nb8d7
4.Qd1d3 h6
5.Bg5xf6 Nd7xf6
6.O-O-O e6
7.e4 a6
8.e5 Nf6d7
9.f4 c5
10.Ng1f3 c4
11.Qd3e3 b5
12.f5 Nd7b6
13.fxe6 Bc8xe6
14.Rh1g1 b4
15.Nc3e2 Nb6a4
16.g4 Qd8a5
17.Kb1 Bf8e7
18.Ne2c1 Na4c3
19.bxc3 bxc3
20.Nc1d3 Ra8b8
21.Ka1 cxd3
{ resign }
0-1

[Event "Tourn. n9453"]
[Site "www.chess-mail.com"]
[Date "2017.09.04"]
[Round "1"]
[White "Cal"]
[Black "Julian"]
[WhiteElo "1650"]
[BlackElo "1490"]
[Result "0-1"]
[Round "1"]
1.c4 d6
2.Nb1c3 Ng8f6
3.e4 e5
4.h3 Bf8e7
5.Ng1f3 Bc8e6
6.d3 c6
7.Bf1e2 O-O
8.O-O Nb8d7
9.Bc1g5 h6
10.Bg5xf6 Nd7xf6
11.Nf3h4 d5
12.cxd5 cxd5
13.exd5 Nf6xd5
14.Nc3e4 g5
15.Nh4f3 f5
16.Ne4c3 Nd5xc3
17.bxc3 Qd8a5
18.Qd1c2 Ra8c8
19.c4 e4
20.dxe4 fxe4
21.Qc2xe4 Rf8f6
22.a4 Kg7
23.Nf3e5 Be7b4
24.Be2h5 Bb4c3
25.Qe4xb7 Rc8c7
26.Qb7e4 Qa5xe5
27.Ra1b1 Qe5xe4
28.Bh5e8 Be6xc4
29.Rb1c1 Bc4xf1
30.Be8b5 Qe4xg2
{ resign }
0-1

[Event "Tourn. n9473"]
[Site "www.chess-mail.com"]
[Date "2017.09.04"]
[Round "1"]
[White "Luban"]
[Black "Lucaschess"]
[WhiteElo "2150"]
[BlackElo "2110"]
[Result "1-0"]
[Round "1"]
1.d4 d5
2.Ng1f3 Nb8c6
3.h3 Ng8f6
4.e3 e6
5.a3 Bf8e7
6.c4 dxc4
7.Bf1xc4 O-O
8.Nb1c3 Nc6a5
9.Bc4d3 c5
10.dxc5 Nf6d5
11.Nc3xd5 Qd8xd5
12.b4 Rf8d8
13.Bd3c2 Na5c6
14.Bc1b2 { resign }
1-0

[Event "Match"]
[Site "www.echecsemail.com"]
[Date "2017.09.04"]
[Round "1"]
[White "Cjood"]
[Black "Coraza"]
[WhiteElo "1930"]
[BlackElo "1860"]
[Result "1-0"]
[Round "1"]
1.Ng1f3 Ng8f6
2.d4 e6
3.c4 Bf8b4
4.Bc1d2 Bb4xd2
5.Nb1xd2 Qd8e7
6.e4 d5
7.e5 Nf6e4
8.c5 c6
9.Nd2b3 h5
10.h4 b6
11.Ra1c1 b5
12.Bf1d3 Nb8a6
13.Nb3a5 Bc8d7
14.Bd3xe4 dxe4
15.Nf3g5 f5
16.exf6 gxf6
17.Ng5xe4 Na6b4
18.Ne4d6 Kf8
19.a3 Nb4d5
20.b4 Nd5f4
21.Qd1f3 Nf4d5
22.O-O Bd7e8
23.Nd6e4 Qe7g7
24.Ne4g5 Be8f7
25.Ng5xf7 Kxf7
26.Na5xc6 Ke8
27.Rc1e1 Kd7
28.Nc6a5 Ra8g8
29.c6 Kc7
30.Re1xe6 Nd5f4
31.Qf3xf4 Kb6
32.c7 
1-0

[Event "Match"]
[Site "www.echecsemail.com"]
[Date "2017.09.04"]
[Round "1"]
[White "Osvalazo"]
[Black "Billyg"]
[WhiteElo "1850"]
[BlackElo "1730"]
[Result "0-1"]
[Round "1"]
1.e4 e5
2.Ng1f3 Nb8c6
3.Bf1c4 d6
4.d3 Bc8g4
5.O-O Nc6d4
6.Bc4xf7 Kxf7
7.c3 Nd4xf3
8.gxf3 Bg4h5
9.Nb1d2 Qd8g5
10.Kh1 Qg5f6
11.Rf1g1 Ng8e7
12.Qd1b3 Ke8
13.Rg1g3 Ne7g6
14.Qb3xb7 Bh5xf3
15.Rg3xf3 Qf6d8
16.Qb7c6 Ke7
17.Qc6d5 Ng6f4
18.Qd5c6 Qd8c8
19.Nd2c4 Kd8
20.Bc1xf4 exf4
21.Rf3xf4 Bf8e7
22.Nc4a5 Ra8b8
23.Na5b3 Rb8b6
24.Qc6d5 c6
25.Qd5a5 Qc8b7
26.c4 d5
27.exd5 Be7b4
28.Qa5a4 Rb6a6
29.dxc6 Ra6xc6
30.Kg1 Rc6g6
31.Kf1 Qb7h1
32.Ke2 Rg6e6
33.Rf4e4 Re6xe4
34.dxe4 Qh1xe4
35.Kd1 Qe4e1
36.Kc2 Qe1e2
37.Kb1 Qe2d1
{ resign }
0-1

[Event "Match"]
[Site "www.echecsemail.com"]
[Date "2017.09.04"]
[Round "1"]
[White "Griffo30"]
[Black "Cjood"]
[WhiteElo "2110"]
[BlackElo "1920"]
[Result "1-0"]
[Round "1"]
1.e4 b6
2.d4 Bc8b7
3.Bf1d3 e6
4.Ng1f3 d6
5.O-O Bf8e7
6.Rf1e1 g6
7.Nb1c3 Nb8d7
8.Bc1e3 e5
9.dxe5 dxe5
10.Qd1d2 Ng8f6
11.Be3h6 Be7d6
12.Bh6g7 Rh8g8
13.Bg7h6 Nf6g4
14.Bh6g5 f6
15.Bg5h4 g5
16.Bh4g3 h5
17.h3 Ng4h6
18.Bd3c4 Rg8g7
19.Bc4d5 Bb7xd5
20.exd5 Nh6f7
21.Nf3d4 Nd7b8
22.Nd4e6 Qd8d7
23.Ne6xg7 Kf8
24.Ng7e6 Ke7
25.Nc3e4 h4
26.Bg3h2 Qd7b5
27.Ne4xd6 Kxd6
28.b3 Nb8a6
29.c4 Qb5c5
30.Ne6xc5 { resign }
1-0

[Event "Match"]
[Site "www.echecsemail.com"]
[Date "2017.09.04"]
[Round "1"]
[White "Rindrandria"]
[Black "Ranjachess"]
[WhiteElo "1750"]
[BlackElo "1840"]
[Result "0-1"]
[Round "1"]
1.e4 e5
2.Ng1f3 Ng8f6
3.Nf3xe5 Qd8e7
4.Bf1c4 Qe7xe5
5.Qd1f3 Bf8c5
6.O-O O-O
7.d3 d6
8.Bc1f4 Qe5xb2
9.Nb1d2 Qb2xc2
10.Nd2b3 Bc8e6
11.Nb3xc5 Be6xc4
12.Rf1c1 Qc2b2
13.Nc5a4 Qb2d4
14.Bf4e3 Qd4xd3
15.Na4b2 Qd3xe4
16.Qf3g3 Bc4d5
17.f3 Qe4xe3
18.Kh1 Nf6h5
19.Qg3g4 Rf8e8
20.Qg4xh5 Bd5xa2
21.h3 Re8e5
22.Qh5h4 g5
23.Qh4a4 Ba2d5
24.Nb2c4 Bd5xc4
25.Qa4xc4 Nb8c6
26.Rc1e1 d5
27.Qc4f1 Qe3f4
28.Qf1d3 Ra8e8
29.Re1g1 a6
30.Qd3c2 f5
31.Ra1a4 Qf4g3
32.Qc2c1 Re5e1
33.Ra4a1 Re1xc1
34.Ra1xc1 g4
35.Rc1f1 h5
36.f4 Re8e3
37.h4 Qg3xh4

0-1

[Event "Tourn. n9490"]
[Site "www.chess-mail.com"]
[Date "2017.09.05"]
[Round "1"]
[White "Caspito"]
[Black "Prize64"]
[WhiteElo "1900"]
[BlackElo "1770"]
[Result "0-1"]
[Round "1"]
1.e4 c5
2.b3 d5
3.e5 Nb8c6
4.Bc1b2 Bc8f5
5.Bf1b5 e6
6.Ng1f3 Bf5g4
7.d4 cxd4
8.Bb2xd4 a6
9.Bb5e2 Bg4xf3
10.Be2xf3 Nc6xd4
11.Qd1xd4 Ng8e7
12.O-O Ne7c6
13.Qd4a4 Qd8d7
14.Qa4f4 Bf8c5
15.Bf3h5 Bc5d4
16.c3 Bd4xe5
17.Qf4f3 O-O
18.Nb1d2 f5
19.Qf3h3 g6
20.Nd2f3 gxh5
21.Qh3xh5 Qd7g7
22.Nf3g5 Ra8e8
23.h4 h6
24.Ng5h3 Be5xc3
25.Ra1c1 Bc3e5
26.Qh5e2 Be5b8
27.a3 Qg7e5
28.Qe2d2 Qe5h2
{ resign }
0-1

[Event "Tourn. n9490"]
[Site "www.chess-mail.com"]
[Date "2017.09.05"]
[Round "1"]
[White "Cjood"]
[Black "Prize64"]
[WhiteElo "1900"]
[BlackElo "1770"]
[Result "1-0"]
[Round "1"]
1.f4 e5
2.fxe5 d6
3.exd6 Bf8xd6
4.Ng1f3 g5
5.e4 g4
6.Nf3g1 Qd8h4
7.Ke2 Bd6xh2
8.d4 g3
9.Ng1f3 Qh4xe4
10.Bc1e3 Bc8g4
11.Nb1d2 Qe4e7
12.Nd2c4 c6
13.Nc4e5 Bg4h5
14.Kd3 Nb8d7
15.Qd1e1 Nd7xe5
16.Nf3xe5 O-O-O
17.Qe1a5 Rd8d5
18.Qa5xa7 Qe7xe5
19.c4 Qe5f5
20.Kc3 Rd5a5
21.Qa7b6 Bh5g6
22.Ra1c1 Ng8f6
23.Kb4 Ra5b5
24.cxb5 Nf6d5
25.Ka5 Nd5xb6
26.Kxb6 Kb8
27.bxc6 bxc6
28.Rc1xc6 Rh8c8
29.Rc6d6 Qf5e4
30.Be3g5 Qe4b7
31.Ka5 Rc8c6
32.Rd6xc6 Qb7xc6
33.Bf1b5 Qc6xg2
34.Bg5f4 Kc8
35.Rh1c1 Kd8
36.Bf4g5 f6
37.Bg5xf6 
1-0

[Event "Tourn. n9444"]
[Site "www.chess-mail.com"]
[Date "2017.09.05"]
[Round "1"]
[White "Fangshuo"]
[Black "Piwi123"]
[WhiteElo "2140"]
[BlackElo "2230"]
[Result "0-1"]
[Round "1"]
1.e4 e5
2.Ng1f3 Nb8c6
3.Nb1c3 d6
4.Bf1c4 Bc8g4
5.d3 Ng8f6
6.Bc1g5 h6
7.Bg5xf6 gxf6
8.h3 Bg4xf3
9.Qd1xf3 Nc6d4
10.Qf3d1 Qd8d7
11.Nc3d5 Bf8g7
12.c3 Nd4e6
13.Qd1f3 O-O-O
14.O-O Ne6g5
15.Qf3e3 c6
16.Nd5b4 a5
17.Nb4a6 bxa6
18.Bc4xa6 Kb8
19.Qe3b6 Ka8
20.b4 axb4
21.cxb4 Rd8b8
22.Qb6a5 Qd7a7
23.a4 c5
24.bxc5 dxc5
25.Ra1b1 Ng5e6
26.Rb1b7 Rb8xb7
27.Ba6xb7 Kxb7
28.Qa5b5 Kc7
29.Qb5c4 Rh8b8
{ resign }
0-1

[Event "Tourn. n9508"]
[Site "www.chess-mail.com"]
[Date "2017.09.05"]
[Round "1"]
[White "Prize64"]
[Black "Cjood"]
[WhiteElo "1740"]
[BlackElo "1950"]
[Result "1-0"]
[Round "1"]
1.f4 d5
2.Ng1f3 g6
3.g3 Bf8g7
4.Bf1g2 c5
5.O-O Qd8b6
6.c3 e6
7.Kh1 Nb8c6
8.Nb1a3 c4
9.d3 cxd3
10.exd3 a6
11.Na3c2 Qb6c7
12.Bc1e3 Ng8e7
13.Nc2d4 Nc6xd4
14.Nf3xd4 Bg7xd4
15.Be3xd4 O-O
16.g4 b5
17.Qd1e1 Ne7c6
18.Bd4f6 Bc8b7
19.Qe1h4 h5
20.Qh4g5 Kh7
21.gxh5 Rf8g8
22.Qg5h4 Ra8e8
23.hxg6 Kxg6
24.Qh4g5 Kh7
25.Qg5h5 { resign }
1-0

[Event "Tourn. n9503"]
[Site "www.chess-mail.com"]
[Date "2017.09.05"]
[Round "1"]
[White "Bojan"]
[Black "Dussek"]
[WhiteElo "2020"]
[BlackElo "1880"]
[Result "1-0"]
[Round "1"]
1.e4 e6
2.e5 d5
3.d4 c5
4.Bc1e3 cxd4
5.Qd1xd4 Nb8c6
6.Qd4f4 Ng8e7
7.Qf4g3 Ne7g6
8.f4 Bf8e7
9.Qg3f2 d4
10.Be3d2 Be7c5
11.Bf1d3 b6
12.a3 O-O
13.Ng1f3 Bc8b7
14.Qf2e2 Nc6e7
15.Nf3g5 h6
16.Ng5e4 Ne7f5
17.b4 Bc5e7
18.O-O Ra8c8
19.c3 Nf5e3
20.Rf1f3 Ng6h4
21.Rf3g3 Ne3f5
22.Rg3h3 dxc3
23.Nb1xc3 Nf5d4
24.Qe2f1 Nd4b3
25.Ra1d1 Nb3xd2
26.Rd1xd2 f5
27.exf6 Be7xf6
28.Ne4xf6 Qd8xf6
29.Nc3b5 a6
30.Nb5d6 Qf6d4
31.Kh1 Qd4xd6
32.Bd3h7 { resign }
1-0

[Event "Tourn. n9482"]
[Site "www.chess-mail.com"]
[Date "2017.09.05"]
[Round "1"]
[White "Tartan"]
[Black "Coolant"]
[WhiteElo "2450"]
[BlackElo "2300"]
[Result "1-0"]
[Round "1"]
1.e4 Nb8c6
2.d4 d5
3.Nb1c3 a6
4.exd5 Nc6b4
5.a3 Nb4xd5
6.Nc3xd5 Qd8xd5
7.Ng1f3 Bc8g4
8.Bf1e2 O-O-O
9.Bc1e3 Ng8f6
10.O-O e6
11.Nf3e5 Bg4xe2
12.Qd1xe2 Rh8g8
13.c4 Qd5e4
14.f3 Qe4h4
15.g3 Qh4h5
16.g4 Qh5h3
17.Ne5xf7 Rd8e8
18.Be3f4 Re8e7
19.Nf7g5 Qh3h4
20.Ng5xe6 g5
21.Bf4g3 Qh4h6
22.d5 Bf8g7
23.Qe2f2 { resign }
1-0

[Event "Match"]
[Site "www.echecsemail.com"]
[Date "2017.09.05"]
[Round "1"]
[White "Billyg"]
[Black "Cjood"]
[WhiteElo "1720"]
[BlackElo "2000"]
[Result "0-1"]
[Round "1"]
1.e4 c5
2.Ng1f3 e6
3.d3 Nb8c6
4.Bc1e3 Qd8b6
5.b3 d6
6.Nb1a3 Bc8d7
7.d4 Qb6b4
8.Be3d2 Qb4xa3
9.Bf1b5 cxd4
10.Bb5xc6 Bd7xc6
11.Nf3xd4 Bc6xe4
12.Nd4b5 Qa3c5
13.Nb5c3 Be4xg2
14.Nc3a4 Qc5e5
15.Qd1e2 Qe5xa1
{ resign }
0-1

[Event "Match"]
[Site "www.echecsemail.com"]
[Date "2017.09.05"]
[Round "1"]
[White "Pinehill"]
[Black "Juodivarnai"]
[WhiteElo "2060"]
[BlackElo "2060"]
[Result "1-0"]
[Round "1"]
1.e4 c5
2.Ng1f3 d6
3.Bf1b5 Nb8c6
4.O-O Bc8d7
5.d4 cxd4
6.Nf3xd4 Ng8f6
7.Nb1c3 g6
8.Rf1e1 Bf8g7
9.Bb5xc6 Bd7xc6
10.f3 O-O
11.Bc1e3 Qd8a5
12.Nd4b3 Qa5h5
13.Nc3e2 Nf6d7
14.c3 Nd7e5
15.Ne2g3 Qh5h4
16.Qd1d2 Qh4f6
17.Qd2e2 a6
18.Nb3d4 e6
19.f4 Ne5d7
20.f5 exf5
21.exf5 Nd7e5
22.fxg6 fxg6
23.Re1f1 Qf6e7
24.Ra1e1 Rf8xf1
25.Re1xf1 Ra8f8
26.Rf1xf8 Bg7xf8
27.Nd4xc6 Ne5xc6
28.Qe2c4 Kh8
29.Be3d4 Nc6xd4
30.Qc4xd4 Bf8g7
31.Qd4d2 Qe7e5
32.Qd2e2 Qe5xe2
33.Ng3xe2 Kg8
34.Ne2f4 Kf7
35.Kf2 Ke7
36.Ke3 Bg7h6
37.Ke4 Bh6xf4
38.Kxf4 Ke6
39.Kg5 Kf7
40.Kh6 Kg8
41.b4 b5
42.h4 Kh8
43.g4 Kg8
44.h5 gxh5
45.gxh5 Kh8
46.Kg5 Kg8
47.Kf6 Kf8
48.h6 d5
49.Ke5 Ke7
50.Kxd5 Kd7
51.c4 bxc4
52.Kxc4 Kc6
53.a4 { resign }
1-0

[Event "Match"]
[Site "www.echecsemail.com"]
[Date "2017.09.05"]
[Round "1"]
[White "Juodivarnai"]
[Black "Fangshuo"]
[WhiteElo "2030"]
[BlackElo "2040"]
[Result "1-0"]
[Round "1"]
1.e4 e6
2.d4 d5
3.Nb1c3 Bf8b4
4.e5 c5
5.a3 cxd4
6.axb4 dxc3
7.Qd1g4 cxb2
8.Bc1xb2 g6
9.Ng1f3 Ng8e7
10.Bf1d3 Nb8c6
11.b5 Nc6b4
12.O-O Nb4xd3
13.cxd3 Bc8d7
14.Nf3d4 Qd8b6
15.Qg4g5 Bd7xb5
16.Bb2a3 O-O
17.Nd4xb5 Qb6xb5
18.Ba3xe7 Rf8c8
19.Ra1b1 Qb5xd3
20.Be7f6 { resign }
1-0

[Event "Match"]
[Site "www.echecsemail.com"]
[Date "2017.09.05"]
[Round "1"]
[White "Ericleo1980"]
[Black "Add"]
[WhiteElo "2210"]
[BlackElo "2230"]
[Result "1-0"]
[Round "1"]
1.e4 d6
2.d4 c6
3.c4 h6
4.Nb1c3 e6
5.f4 Nb8d7
6.Ng1f3 a6
7.a4 b6
8.Bf1d3 Bc8b7
9.Bc1e3 Bf8e7
10.O-O a5
11.h3 Qd8c7
12.Bd3c2 Bb7a6
13.Bc2d3 Ng8f6
14.e5 Nf6h7
15.Qd1c2 Nh7f8
16.Ra1c1 d5
17.cxd5 Ba6xd3
18.Qc2xd3 Be7b4
19.Nc3b5 { resign }
1-0

[Event "Eq:Slap Shot Mates-Latinoamerica : "]
[Site "www.chess-mail.com"]
[Date "2017.09.05"]
[Round "1"]
[White "Nimzo"]
[Black "Jpmartinez"]
[WhiteElo "2690"]
[BlackElo "2610"]
[Result "1-0"]
[Round "1"]
1.d4 d5
2.c4 e6
3.Ng1f3 Ng8f6
4.g3 Bf8b4
5.Bc1d2 Bb4d6
6.Bf1g2 c6
7.O-O O-O
8.b3 Nf6e4
9.Nb1c3 f5
10.Nc3xe4 dxe4
11.Nf3e5 Nb8d7
12.Bd2c3 Qd8c7
13.Ne5xd7 Bc8xd7
14.b4 Bd7e8
15.c5 Bd6e7
16.e3 Ra8d8
17.Qd1b3 Be8f7
18.Qb3b2 Be7f6
19.a4 Rf8e8
20.b5 e5
21.dxe5 Bf6xe5
22.b6 axb6
23.cxb6 Qc7d6
24.a5 Bf7c4
25.Rf1c1 Bc4d3
26.Bg2f1 c5
27.Bf1xd3 exd3
28.a6 Be5xc3
29.Qb2xc3 bxa6
30.Ra1xa6 h6
31.Rc1d1 Rd8d7
32.Qc3c4 Qd6d5
33.Qc4xd5 Rd7xd5
34.b7 c4
35.Ra6c6 Re8b8
36.Rc6c7 c3
37.Rc7c8 Rd5d8
38.Rc8xd8 Rb8xd8
39.Rd1xd3 Rd8b8
40.Rd3xc3 Rb8xb7
41.Rc3c4 g6
42.g4 fxg4
43.Rc4xg4 Kg7
44.h4 Kf6
45.Kg2 Rb7b5
46.Rg4a4 Rb5b6
47.Ra4f4 Kg7
48.Rf4a4 Kf6
49.Kg3 Rb6c6
50.e4 g5
51.Ra4a5 Kg6
52.hxg5 { resign }
1-0

[Event "Eq:Super Chess Team-Slap Shot Mates : "]
[Site "www.chess-mail.com"]
[Date "2017.09.05"]
[Round "1"]
[White "Danquigley"]
[Black "Antuan72"]
[WhiteElo "2550"]
[BlackElo "1970"]
[Result "1-0"]
[Round "1"]
1.d4 d5
2.c4 e6
3.Ng1f3 Ng8f6
4.g3 c6
5.Bf1g2 Bf8e7
6.O-O O-O
7.Nb1c3 Nb8d7
8.b3 a6
9.Qd1c2 h6
10.e4 dxe4
11.Nf3e5 Nd7xe5
12.dxe5 Nf6h7
13.Nc3xe4 Qd8c7
14.Bc1b2 Rf8d8
15.c5 Bc8d7
16.Ne4d6 Be7xd6
17.cxd6 Qc7c8
18.Bg2e4 g6
19.Bb2d4 Nh7f8
20.b4 Kh7
21.a4 Rd8e8
22.Rf1b1 Qc8d8
23.b5 Ra8c8
24.bxa6 bxa6
25.Qc2c5 Rc8b8
26.Rb1xb8 Qd8xb8
27.Ra1b1 Qb8a8
28.a5 Re8b8
29.Rb1b6 Kg7
30.Qc5c4 Rb8xb6
31.axb6 Qa8b7
32.f4 Kh7
33.f5 h5
34.fxg6 fxg6
35.Qc4f1 Kg7
36.Qf1f6 Kg8
37.Be4xg6 Nf8xg6
38.Qf6xg6 Kf8
39.Bd4e3 Bd7e8
40.Be3h6 { resign }
1-0

[Event "Eq:SIETE ESTRELLAS VERDES-Slap Shot Mates : "]
[Site "www.chess-mail.com"]
[Date "2017.09.05"]
[Round "1"]
[White "Jpmartinez"]
[Black "Caspito"]
[WhiteElo "2600"]
[BlackElo "1940"]
[Result "1-0"]
[Round "1"]
1.c4 e5
2.g3 Qd8f6
3.Nb1c3 Bf8c5
4.Ng1f3 Ng8h6
5.Nc3d5 Nh6g4
6.Nd5xf6 gxf6
7.d4 exd4
8.Nf3xd4 Nb8c6
9.e3 d6
10.Bf1e2 Ng4e5
11.O-O Bc5b4
12.a3 Bb4c5
13.b4 Bc5xd4
14.exd4 Ne5g6
15.Be2h5 Bc8h3
16.Rf1e1 Nc6e7
17.Qd1e2 O-O-O
18.c5 d5
19.b5 Rd8e8
20.b6 axb6
21.cxb6 c6
22.Bc1f4 Ng6xf4
23.Qe2f3 Nf4xh5
24.Qf3xh5 Bh3e6
25.Qh5d1 h5
26.Qd1a4 Kd7
27.Qa4a7 Re8b8
28.a4 h4
29.Qa7a5 Rh8g8
30.Qa5b4 Rg8g5
31.a5 Ne7f5
32.a6 Nf5h6
33.axb7 Nh6g4
34.Ra1a8 Rb8xb7
35.Ra8a7 { resign }
1-0

[Event "Tourn. n9464"]
[Site "www.chess-mail.com"]
[Date "2017.09.06"]
[Round "1"]
[White "Redapond1"]
[Black "Picifarkinca"]
[WhiteElo "1830"]
[BlackElo "1940"]
[Result "0-1"]
[Round "1"]
1.d4 e6
2.Bc1f4 d6
3.d5 e5
4.Bf4g3 f5
5.e3 Ng8f6
6.Bf1b5 Bc8d7
7.Bb5xd7 Qd8xd7
8.Ng1e2 Qd7b5
9.Nb1d2 Qb5xd5
10.O-O Bf8e7
11.Ne2c3 Qd5c6
12.Qd1e2 Nb8d7
13.Qe2b5 Qc6b6
14.Qb5xb6 Nd7xb6
 { time }
0-1